Essential english grammar / (Record no. 29465)

MARC details
000 -LEADER
fixed length control field 00729nam a22002177a 4500
005 - DATE AND TIME OF LATEST TRANSACTION
control field 20090822151023.0
008 - FIXED-LENGTH DATA ELEMENTS--GENERAL INFORMATION
fixed length control field 090821t xxu||||| |||| 00| 0 eng d
010 ## - LCCN (DPL NO)
LC control number ENG-94824
020 ## - INTERNATIONAL STANDARD BOOK NUMBER
Terms of availability 50.00
035 ## - SYSTEM CONTROL NUMBER
System control number EN-78357
037 ## - SOURCE OF ACQUISITION
Source of stock number/acquisition DBAD / PUB
040 ## - CATALOGING SOURCE
Original cataloging agency dpl
Language of cataloging English
082 ## - DEWEY DECIMAL CLASSIFICATION NUMBER
Classification number 485
100 ## - MAIN ENTRY--PERSONAL NAME
Personal name Rathika, M.G.
245 ## - TITLE STATEMENT
Title Essential english grammar /
Statement of responsibility, etc by M.G. Rathika
260 ## - PUBLICATION, DISTRIBUTION, ETC. (IMPRINT)
Place of publication, distribution, etc Chennai
Name of publisher, distributor, etc Pavai Publications
Date of publication, distribution, etc 2007
270 ## - ADDRESS
Address 142, Jani Khan Road, Royapettah,
City Chennai
Postal code 600014
300 ## - PHYSICAL DESCRIPTION
Extent 103p.
Dimensions 22cm(pbk)
942 ## - ADDED ENTRY ELEMENTS (KOHA)
Source of classification or shelving scheme Dewey Decimal Classification
Item type English Books
Call number suffix RAT
Classification part 485
Holdings
Withdrawn status Lost status Source of classification or shelving scheme Damaged status Not for loan Collection code Home library Current library Date acquired Source of acquisition Cost, normal purchase price Total Checkouts Full call number Barcode Date last seen Copy number Cost, replacement price Koha item type
    Dewey Decimal Classification   Not For Loan Non-fiction D.B.Act.Division D.B.Act.Division 22/08/2009 DBAD / PUB 50.00   485 RAT EN-78357 22/08/2009 1 50.00 English Books

© Delhi Public Library
Hit Counter
free hit counter